laufey songs above 50 million plays - Statistics

General Stats
  • This quiz has been taken 23 times
    3 since last reset
  • The average score is 11 of 30
Answer Stats
Hint Answer % Correct
531,243,906 Falling Behind
100%
1,135,493,206 From The Start
100%
250,412,895 A Night To Remember
67%
108,812,498 Bored
67%
127,105,970 Fragile
67%
105,757,372 Goddess
67%
56,139,209 Haunted
67%
411,359,452 Let You Break My Heart Again
67%
224,942,727 Lover Girl
67%
395,663,483 Promise
67%
401,764,737 Valentine
67%
99,822,120 Bewitched
33%
108,642,021 Dreamer
33%
149,489,186 I Wish You Love
33%
126,601,409 Like the Movies
33%
115,450,546 Lovesick
33%
83,891,236 Silver Lining
33%
57,326,386 Street by Street
33%
64,151,774 Too Little, Too Late
33%
68,624,911 Tough Luck
33%
212,784,937 Winter Wonderland
33%
79,071,476 Beautiful Stranger
0%
81,407,538 Best Friend
0%
52,145,510 California and Me
0%
72,971,100 Letter To My 13 Year Old Self
0%
67,205,150 Love to Keep Me Warm
0%
88,350,652 Magnolia
0%
91,242,736 Santa Baby
0%
89,527,909 Second Best
0%
52,864,360 While You Were Sleeping
0%
No matching quizzes found
Score Distribution
Percent of People with Each Score
Percentile by Number Answered
Your Score History
You have not taken this quiz since the last reset